Normal view MARC view
  • Stubbs, Francis William

Entry Personal Name

Number of records used in: 2

001 - CONTROL NUMBER

  • control field: 49798

003 - CONTROL NUMBER IDENTIFIER

  • control field: NUST

005 - DATE AND TIME OF LATEST TRANSACTION

  • control field: 20210314134439.0

008 - FIXED-LENGTH DATA ELEMENTS

  • fixed length control field: 210314|| aca||aabn | a|a d

040 ## - CATALOGING SOURCE

  • Original cataloging agency: NUST
  • Transcribing agency: NUST

100 ## - HEADING--PERSONAL NAME

  • Personal name: Stubbs, Francis William

670 ## - SOURCE DATA FOUND

  • Source citation: Work cat.: (NUST): Stubbs, Francis William,, History of the organization, equipment, and war services of the Regiment of Bengal Artillery, 1877-1895.
© 2023 Central Library, National University of Sciences and Technology. All Rights Reserved.